[Event "Balaguer op-6"]
[Site "Balaguer, Lleida"]
[Date "2001.07.22"]
[Round "7"]
[White "Mirzoev, Azer"]
[Black "Simonenko, Sergei"]
[Result "0-1"]
[WhiteElo "2516"]
[BlackElo "2419"]
[PlyCount "78"]
[EventDate "2001.07.16"]
[Source "www.chesslib.no"]
[SourceDate "2004.05.04"]

1. d4 Nf6 2. Nf3 g6 3. c4 Bg7 4. Nc3 d5 5. e3 O-O 6. Qb3 e6 7. Bd2 b6 8. cxd5 exd5 9. Be2 Bb7 10. O-O Nbd7 11. Rfd1 c6 12. Rac1 Re8 13. Bf1 Bf8 14. Ne2 Ne4 15. Bb4 Bh6 16. Be1 Bf8 17. Nf4 Bd6 18. Bb4 Bc7 19. Nd3 Qf6 20. a4 g5 21. Qc2 Re6 22. Qe2 Ba6 23. g3 Qf5 24. Be1 Rae8 25. b4 Bc4 26. b5 c5 27. dxc5 bxc5 28. Rxc4 dxc4 29. Nb2 Nb6 30. a5 Nd5 31. Rxd5 Qxd5 32. Nxc4 Rd8 33. h4 h6 34. hxg5 hxg5 35. Nfd2 Nxd2 36. Bxd2 Qe4 37. Qh5 Qg6 38. Qg4 Re4 39. Qd1 Rxc4 0-1

[Event "Deutschland"]
[Site "?"]
[Date "2005.01.16"]
[Round "5.4"]
[White "Loifenfeld Jakov"]
[Black "Seel Christian"]
[Result "0-1"]
[WhiteElo "2443"]
[BlackElo "2491"]
[PlyCount "80"]
[EventDate "2005.??.??"]
[Source "www.chesslib.no"]
[SourceDate "2004.05.04"]

1. d4 Nf6 2. Nf3 g6 3. c4 Bg7 4. Nc3 d5 5. e3 O-O 6. Qb3 dxc4 7. Bxc4 c5 8. Ne5 e6 9. dxc5 Qa5 10. Nd3 Ne4 11. O-O Nxc5 12. Nxc5 Qxc5 13. Rd1 Nc6 14. Be2 b6 15. Bd2 Bb7 16. Ne4 Qe5 17. Bf3 Na5 18. Qb4 Qxb2 19. Rab1 Qxa2 20. Qe7 Bxe4 21. Bxe4 Rfe8 22. Qc7 Rad8 23. Bxa5 Rxd1+ 24. Rxd1 Qxa5 25. g3 Qe5 26. Qb7 a5 27. Rd7 Rf8 28. Bc6 Qc5 29. Kg2 Bc3 30. h4 Kg7 31. Ba4 Be1 32. Qe4 b5 33. Bb3 Kg8 34. h5 Qxh5 35. Rd1 Qe2 36. Qc2 Qxc2 37. Bxc2 Bc3 38. Rd7 Ra8 39. Rb7 a4 40. Rxb5 a3 0-1

[Event "Yerevan ol (Men)"]
[Site "Yerevan"]
[Date "1996.??.??"]
[Round "9"]
[White "Jacimovic, Dragoljub"]
[Black "Herrera, Irisberto"]
[Result "1-0"]
[WhiteElo "2455"]
[BlackElo "2475"]
[PlyCount "63"]
[EventDate "1996.09.??"]
[Source "www.chesslib.no"]
[SourceDate "2004.05.04"]

1. d4 Nf6 2. c4 g6 3. Nc3 d5 4. Nf3 Bg7 5. e3 O-O 6. Qb3 dxc4 7. Bxc4 Nc6 8. Be2 b6 9. O-O Bb7 10. Rd1 Qc8 11. Bd2 Qf5 12. Qb5 Qxb5 13. Nxb5 Rfc8 14. Rac1 Ne8 15. Be1 a6 16. Nc3 Nd8 17. Nd2 Nd6 18. Bf3 e6 19. Nce4 Nxe4 20. Nxe4 Rab8 21. Rc2 Bd5 22. b3 Nb7 23. Rdc1 c6 24. Bb4 c5 25. dxc5 Bxe4 26. Bxe4 Nxc5 27. Bxc5 bxc5 28. Rxc5 Rxc5 29. Rxc5 Rd8 30. g3 Rd6 31. Rc8+ Bf8 32. Ra8 1-0

[Event "III Torneo GM"]
[Site "Mysliborz POL"]
[Date "2008.06.11"]
[Round "3"]
[White "Orzech, D."]
[Black "Zezulkin, J."]
[Result "1/2-1/2"]
[WhiteElo "2483"]
[BlackElo "2443"]
[PlyCount "20"]
[EventDate "2008.06.09"]
[Source "www.chesslib.no"]
[SourceDate "2004.05.04"]

1. c4 Nf6 2. Nc3 d5 3. d4 g6 4. Nf3 Bg7 5. e3 O-O 6. Qb3 e6 7. Bd2 Nc6 8. cxd5 exd5 9. Be2 Ne7 10. O-O c6 1/2-1/2

[Event "Villa Gesell"]
[Site "Villa Gesell"]
[Date "1996.??.??"]
[Round "9"]
[White "Soppe, Guillermo"]
[Black "Tempone, Marcelo"]
[Result "1-0"]
[WhiteElo "2465"]
[BlackElo "2460"]
[PlyCount "87"]
[EventDate "1996.03.??"]
[Source "ChessBase"]

1. d4 d5 2. c4 c6 3. Nc3 Nf6 4. e3 g6 5. Nf3 Bg7 6. Qb3 O-O 7. Be2 dxc4 8. Bxc4 Nbd7 9. O-O Nb6 10. Be2 Be6 11. Qc2 Nfd5 12. e4 Nxc3 13. bxc3 Bc4 14. a4 Bxe2 15. Qxe2 Qc7 16. a5 Nd7 17. e5 e6 18. h4 c5 19. h5 cxd4 20. cxd4 Rfc8 21. hxg6 hxg6 22. Qe4 Nf8 23. Ng5 Qe7 24. Qg4 f5 25. exf6 Qxf6 26. Be3 Rc6 27. Rfb1 Qe7 28. Nf3 Rac8 29. Ne5 Bxe5 30. dxe5 a6 31. Ra4 Qg7 32. Qe4 R8c7 33. Rd1 Rd7 34. Raa1 Qf7 35. Rab1 Rcc7 36. Rd6 Rxd6 37. exd6 Rc6 38. Bf4 g5 39. Be5 Nd7 40. Bg3 e5 41. Bxe5 Qe6 42. Re1 Rc4 43. Qe3 Qg6 44. Bb2 1-0

[Event "BKL-Turnier"]
[Site "Leipzig"]
[Date "1988.??.??"]
[Round "?"]
[White "Gruenberg, Hans Ulrich"]
[Black "Chekhov, Valery A"]
[Result "1/2-1/2"]
[WhiteElo "2465"]
[BlackElo "2455"]
[PlyCount "32"]
[EventDate "1988.01.??"]
[Source "ChessBase"]

1. d4 d5 2. c4 c6 3. Nc3 Nf6 4. e3 g6 5. Nf3 Bg7 6. Qb3 O-O 7. Bd2 Qb6 8. Be2 Bg4 9. O-O Nbd7 10. cxd5 Qxb3 11. axb3 cxd5 12. h3 Bxf3 13. Bxf3 e6 14. Rfc1 a6 15. b4 Rfc8 16. b5 axb5 1/2-1/2

[Event "Bundesliga B East 2007/08"]
[Site "Austria"]
[Date "2008.01.27"]
[Round "7"]
[White "Polak Tomas (CZE)"]
[Black "Pinter Erik (SVK)"]
[Result "1/2-1/2"]
[WhiteElo "2538"]
[BlackElo "2381"]
[PlyCount "63"]
[EventDate "2008.??.??"]
[Source "www.chesslib.no"]
[SourceDate "2004.05.04"]

1. d4 Nf6 2. c4 g6 3. Nc3 d5 4. Nf3 Bg7 5. e3 O-O 6. Qb3 c6 7. Bd2 a6 8. a4 Ra7 9. Be2 Be6 10. O-O h6 11. Rfd1 g5 12. Rac1 Bf5 13. cxd5 cxd5 14. Ne5 e6 15. Na2 Re8 16. Bb4 Bf8 17. Bxf8 Rxf8 18. Qa3 Ne4 19. f3 Nd6 20. Qc5 Ra8 21. g4 Bh7 22. Qc7 f6 23. Bd3 Bxd3 24. Nxd3 Nc6 25. Qxd8 Nxd8 26. Rc7 Rc8 27. Rxc8 Nxc8 28. Rc1 Nd6 29. b3 Kf7 30. Kg2 h5 31. h3 hxg4 32. hxg4 1/2-1/2

[Event "Seefeld"]
[Site "?"]
[Date "2001.09.20"]
[Round "6"]
[White "Farago Ivan"]
[Black "Weinzettl Ernst"]
[Result "1-0"]
[WhiteElo "2504"]
[BlackElo "2413"]
[PlyCount "39"]
[EventDate "2001.??.??"]
[Source "www.chesslib.no"]
[SourceDate "2004.05.04"]

1. d4 d5 2. c4 c6 3. Nc3 Nf6 4. e3 g6 5. Nf3 Bg7 6. Qb3 O-O 7. Bd2 dxc4 8. Bxc4 b5 9. Be2 a5 10. O-O b4 11. Na4 Be6 12. Qc2 Bd5 13. Nc5 Nbd7 14. e4 Nxc5 15. exd5 Nce4 16. dxc6 Qd6 17. Be3 Rfc8 18. Rac1 Qe6 19. Bc4 Nd5 20. Bb3 1-0

[Event "EuTCh w"]
[Site "Plovdiv"]
[Date "2003.10.18"]
[Round "7"]
[White "Zielinska, Marta"]
[Black "Matveeva, Svetlana"]
[Result "0-1"]
[WhiteElo "2429"]
[BlackElo "2483"]
[PlyCount "148"]
[EventDate "2003.10.10"]
[Source "Roberto Alvarez"]
[SourceDate "2003.10.20"]

1. d4 Nf6 2. c4 g6 3. Nc3 d5 4. e3 Bg7 5. Qb3 c6 6. Nf3 O-O 7. Bd2 dxc4 8. Bxc4 b5 9. Bd3 a6 10. Qc2 Bb7 11. Rc1 Nbd7 12. Ne4 Rc8 13. Bb4 Nd5 14. Bc5 f5 15. Ned2 Re8 16. O-O Nxc5 17. Qxc5 e5 18. dxe5 Bf8 19. Qc2 c5 20. Qb1 c4 21. Be2 Bg7 22. Rfd1 Qe7 23. Nf1 Bxe5 24. Nxe5 Qxe5 25. Bf3 Ba8 26. Rd4 Nb6 27. Bxa8 Rxa8 28. Rcd1 Qc7 29. Qc2 Rad8 30. Qd2 Rxd4 31. Qxd4 Na4 32. Ng3 Qe5 33. b3 Nc3 34. Qxe5 Rxe5 35. Rd8+ Kf7 36. bxc4 bxc4 37. Rc8 Rb5 38. h4 Rb1+ 39. Kh2 Nd1 40. Rxc4 Nxf2 41. Rc7+ Kg8 42. Rc8+ Kg7 43. Rc7+ Kh6 44. Ne2 Rh1+ 45. Kg3 Ne4+ 46. Kf4 Rxh4+ 47. Ke5 Rh1 48. Rc6 Re1 49. Nd4 Ng3 50. Nf3 Rxe3+ 51. Kf4 Nf1 52. Nd2 Re1 53. Nxf1 Rxf1+ 54. Kg3 f4+ 55. Kg4 Rf2 56. Rxa6 Rxg2+ 57. Kxf4 Kh5 58. Ra7 h6 59. Kf3 Rb2 60. Ra5+ g5 61. Ra6 Rb1 62. Kg3 Rg1+ 63. Kh2 Rc1 64. Kg2 Rc3 65. Kh2 g4 66. Rb6 Kg5 67. a4 h5 68. a5 Rc2+ 69. Kg1 Ra2 70. Rb5+ Kh4 71. Rc5 g3 72. Kf1 Kg4 73. Rc4+ Kh3 74. Rc5 g2+ 0-1

[Event "3. Inter"]
[Site "3rd San Martin Inter"]
[Date "1995.??.??"]
[Round "?"]
[White "Valerga, Diego"]
[Black "Soppe, Guillermo G"]
[Result "1/2-1/2"]
[WhiteElo "2465"]
[BlackElo "2445"]
[PlyCount "74"]
[EventDate "1995.??.??"]
[Source "www.chesslib.no"]
[SourceDate "2004.05.04"]

1. d4 d5 2. c4 c6 3. Nc3 Nf6 4. e3 g6 5. Nf3 Bg7 6. Qb3 O-O 7. Bd2 e6 8. Bd3 b6 9. cxd5 exd5 10. O-O Bb7 11. a4 Na6 12. Rfd1 c5 13. dxc5 Nxc5 14. Qc2 Rc8 15. Be1 Qe7 16. a5 Nxd3 17. Qxd3 bxa5 18. Rxa5 a6 19. Na2 Qe4 20. Bc3 Rc4 21. h3 Rfc8 22. Qxe4 Nxe4 23. Bxg7 Kxg7 24. Nd4 h5 25. h4 Kf8 26. f3 Nd6 27. b3 R4c5 28. e4 Rc1 29. Nc3 Rc7 30. Ra4 Bc8 31. Rxc1 Ra7 32. Raa1 Ra8 33. Rf1 Bb7 34. Nb1 a5 35. Rf2 a4 36. Ra3 Rc8 37. Rb2 Rb8 1/2-1/2

[Event "San Martin"]
[Site "San Martin"]
[Date "1995.??.??"]
[Round "5"]
[White "Valerga, Diego"]
[Black "Soppe, Guillermo"]
[Result "1/2-1/2"]
[WhiteElo "2465"]
[BlackElo "2445"]
[PlyCount "74"]
[EventDate "1995.03.??"]
[Source "ChessBase"]

1. d4 d5 2. c4 c6 3. Nc3 Nf6 4. e3 g6 5. Nf3 Bg7 6. Qb3 O-O 7. Bd2 e6 8. Bd3 b6 9. cxd5 exd5 10. O-O Bb7 11. a4 Na6 12. Rfd1 c5 13. dxc5 Nxc5 14. Qc2 Rc8 15. Be1 Qe7 16. a5 Nxd3 17. Qxd3 bxa5 18. Rxa5 a6 19. Na2 Qe4 20. Bc3 Rc4 21. h3 Rfc8 22. Qxe4 Nxe4 23. Bxg7 Kxg7 24. Nd4 h5 25. h4 Kf8 26. f3 Nd6 27. b3 R4c5 28. Rxc5 Rxc5 29. Rc1 Rxc1+ 30. Nxc1 Bc8 31. Kf2 Bd7 32. Nce2 Nc8 33. Nf4 Nb6 34. Nd3 a5 35. Kg3 a4 36. bxa4 Bxa4 37. Kf4 Bd7 1/2-1/2

[Event "Pyramiden Franken Cup 3rd"]
[Site "Fuerth"]
[Date "2000.08.27"]
[Round "9"]
[White "Reich, Thomas"]
[Black "Oral, Tomas"]
[Result "0-1"]
[WhiteElo "2378"]
[BlackElo "2531"]
[PlyCount "116"]
[EventDate "2000.08.19"]
[Source "www.chesslib.no"]
[SourceDate "2004.05.04"]

1. d4 Nf6 2. c4 g6 3. Nc3 d5 4. e3 Bg7 5. Qb3 e6 6. Nf3 O-O 7. Be2 b6 8. O-O Bb7 9. Ne5 Nbd7 10. Nxd7 Qxd7 11. cxd5 exd5 12. Qc2 Rac8 13. Qa4 Qxa4 14. Nxa4 c5 15. dxc5 Bc6 16. Nc3 bxc5 17. Rd1 Rfd8 18. Bf3 d4 19. exd4 Bxf3 20. gxf3 cxd4 21. Nb5 Rd5 22. a4 a6 23. Na3 d3 24. b4 Nd7 25. Ra2 Nb6 26. a5 Na4 27. Nb1 Nc3 28. Nxc3 Rxc3 29. Be3 Rb3 30. Bd2 Bf8 31. Ra4 Rb5 32. Kg2 Bd6 33. f4 Kg7 34. Kf3 Bxb4 35. Rxb4 R5xb4 36. Bxb4 d2+ 37. Kg2 Rxb4 38. Rxd2 Rxf4 39. Rd6 Rf6 40. Rb6 Re6 41. f4 Kf6 42. Rb7 Rd6 43. Kf3 Ke6 44. h4 h5 45. Ke4 f5+ 46. Ke3 Kd5 47. Rb8 Rc6 48. Kd3 Rc5 49. Rd8+ Ke6 50. Re8+ Kf6 51. Rb8 Rxa5 52. Rb6+ Kf7 53. Kd4 Ra4+ 54. Ke5 Re4+ 55. Kd5 Rxf4 56. Rb7+ Kf6 57. Rb6+ Kg7 58. Rb7+ Kh6 0-1

[Event "Vlissingen HZ op"]
[Site "Vlissingen"]
[Date "2000.08.02"]
[Round "6"]
[White "Barsov, Alexei"]
[Black "Ernst, Sipke"]
[Result "1-0"]
[WhiteElo "2534"]
[BlackElo "2373"]
[PlyCount "107"]
[EventDate "2000.07.29"]
[Source "www.chesslib.no"]
[SourceDate "2004.05.04"]

1. d4 Nf6 2. c4 g6 3. Nc3 d5 4. Nf3 Bg7 5. e3 O-O 6. Bd2 c6 7. Qb3 Ne4 8. Rd1 e6 9. Bc1 f5 10. Be2 Nd7 11. O-O Kh8 12. Qc2 Qe7 13. b3 Nxc3 14. Qxc3 e5 15. Qa5 e4 16. Ba3 Qd8 17. Qxd8 Rxd8 18. Ng5 Re8 19. cxd5 cxd5 20. Rc1 Kg8 21. Nh3 Bf8 22. Bxf8 Kxf8 23. Rc7 Ke7 24. Rfc1 Kd6 25. Ng5 h6 26. Nf7+ Ke6 27. Bb5 Kxf7 28. Bxd7 Bxd7 29. Rxd7+ Ke6 30. Rxb7 Rec8 31. Rcc7 Rxc7 32. Rxc7 a5 33. Rc6+ Kf7 34. h4 a4 35. b4 a3 36. b5 Ra4 37. b6 Rb4 38. Rc7+ Ke6 39. b7 Kd6 40. Rg7 Kc6 41. Kh2 Rxb7 42. Rxg6+ Kb5 43. Rxh6 Kc4 44. Ra6 Rb2 45. Ra4+ Kd3 46. Rxa3+ Ke2 47. Kg3 Rb8 48. Rb3 Rg8+ 49. Kf4 Rg4+ 50. Kxf5 Rxg2 51. Rb2+ Kf3 52. a4 Rh2 53. a5 Rxh4 54. a6 1-0

[Event "Bar"]
[Site "?"]
[Date "1977.10.23"]
[Round "10"]
[White "Stean Michael"]
[Black "Maric Rudolf"]
[Result "1/2-1/2"]
[WhiteElo "2485"]
[BlackElo "2420"]
[PlyCount "30"]
[EventDate "1977.??.??"]
[Source "www.chesslib.no"]
[SourceDate "2004.05.04"]

1. Nf3 d5 2. c4 c6 3. e3 Nf6 4. Nc3 g6 5. d4 Bg7 6. Bd2 O-O 7. Qb3 Qb6 8. Qxb6 axb6 9. cxd5 Nxd5 10. Bc4 Nxc3 11. Bxc3 Bf5 12. Ke2 Nd7 13. Rhd1 Nf6 14. Rac1 Be4 15. a3 Rfd8 1/2-1/2

[Event "Ch France (team) 2007"]
[Site "France"]
[Date "2007.06.02"]
[Round "10"]
[White "Georgiev Vladimir (MKD)"]
[Black "Wagner Claude (FRA)"]
[Result "1/2-1/2"]
[WhiteElo "2540"]
[BlackElo "2365"]
[PlyCount "94"]
[EventDate "2007.??.??"]
[Source "www.chesslib.no"]
[SourceDate "2004.05.04"]

1. d4 d5 2. c4 c6 3. Nf3 Nf6 4. Qb3 g6 5. e3 Bg7 6. Nc3 O-O 7. Bd2 a6 8. a4 Ra7 9. a5 Be6 10. Qb6 Qxb6 11. axb6 Ra8 12. c5 Nbd7 13. Na2 Ne4 14. Bc3 Rae8 15. Nd2 Bf5 16. Nxe4 Bxe4 17. f3 Bf5 18. g4 Be6 19. Nb4 f5 20. g5 f4 21. e4 dxe4 22. fxe4 f3 23. Kf2 Rf4 24. Re1 Bb3 25. Bh3 e6 26. Re3 Ref8 27. Nd3 Rh4 28. Kg3 Rh5 29. Bg4 Rxg5 30. h4 Rxg4+ 31. Kxg4 Bc4 32. Rxf3 Rxf3 33. Kxf3 Bxd3 34. e5 Bc4 35. Rh2 Bd5+ 36. Kg3 Bh6 37. b4 Nf8 38. Bd2 Bxd2 39. Rxd2 Kg7 40. Rf2 h6 41. Rf1 Nh7 42. Ra1 Bc4 43. Rc1 Be2 44. Re1 Bc4 45. Rc1 Bb5 46. Rc2 g5 47. h5 Kf8 1/2-1/2

[Event "Tatran Cup"]
[Site "Stary Smokovec SVK"]
[Date "1981.??.??"]
[Round "?"]
[White "Knezevic, Milorad"]
[Black "Meduna, Eduard"]
[Result "1/2-1/2"]
[WhiteElo "2455"]
[BlackElo "2450"]
[PlyCount "29"]
[EventDate "1981.11.??"]
[Source "www.chesslib.no"]
[SourceDate "2004.05.04"]

1. d4 d5 2. c4 c6 3. e3 Nf6 4. Nc3 g6 5. Nf3 Bg7 6. Qb3 O-O 7. Bd2 e6 8. Be2 Ne4 9. O-O Nxd2 10. Nxd2 Nd7 11. Rfd1 Qe7 12. Rac1 b6 13. Nf3 Bb7 14. Qc2 Rac8 15. Qd2 1/2-1/2

[Event "SWE Ch"]
[Site "Goteborg SWE"]
[Date "1990.??.??"]
[Round "?"]
[White "Johansson, Jan"]
[Black "Ernst, Thomas"]
[Result "1-0"]
[WhiteElo "2465"]
[BlackElo "2440"]
[PlyCount "81"]
[EventDate "1990.??.??"]
[Source "www.chesslib.no"]
[SourceDate "2004.05.04"]

1. d4 Nf6 2. Nf3 g6 3. c4 Bg7 4. Nc3 d5 5. e3 O-O 6. Qb3 e6 7. Bd2 b6 8. Be2 Bb7 9. cxd5 exd5 10. Ne5 Nbd7 11. f4 c5 12. O-O Ne4 13. Nxe4 dxe4 14. Bc4 Qe7 15. Bc3 Nxe5 16. fxe5 Rad8 17. a4 Qc7 18. a5 Bh6 19. Rae1 cxd4 20. Bxd4 Rxd4 21. exd4 Kg7 22. axb6 axb6 23. Rf6 Bg5 24. Rxb6 Ba8 25. Rf1 Be3+ 26. Kh1 Bxd4 27. Rbf6 Qxe5 28. Rxf7+ Rxf7 29. Rxf7+ Kh6 30. Qh3+ Qh5 31. Qd7 Qd1+ 32. Bf1 e3 33. Rxh7+ Kg5 34. h4+ Kf4 35. Rf7+ Ke5 36. Re7+ Kf4 37. Rf7+ Ke5 38. Qe8+ Kd6 39. Qd8+ Ke5 40. Qe8+ Kd6 41. Qxa8 1-0

[Event "Luxemburg op26"]
[Site "Luxemburg"]
[Date "1987.??.??"]
[Round "8"]
[White "Huss, Andreas"]
[Black "Gutman, Lev"]
[Result "0-1"]
[WhiteElo "2375"]
[BlackElo "2530"]
[PlyCount "120"]
[EventDate "1987.06.06"]
[Source "www.chesslib.no"]
[SourceDate "2004.05.04"]

1. d4 Nf6 2. Nf3 g6 3. c4 Bg7 4. Nc3 d5 5. e3 O-O 6. Qb3 dxc4 7. Bxc4 c5 8. d5 Nbd7 9. O-O Ne8 10. e4 Nd6 11. Re1 b5 12. Nxb5 Rb8 13. Qd3 Nxc4 14. Qxc4 Qa5 15. Na3 Ne5 16. Qe2 Ba6 17. Qd1 Nd3 18. Bd2 Qb6 19. b3 Nxe1 20. Qxe1 Bxa1 21. Qxa1 f6 22. Bc3 Qd6 23. Nd2 Bd3 24. g3 Qd7 25. Nac4 Bxc4 26. Nxc4 Rb6 27. Qd1 Rd6 28. Qe2 e6 29. Nxd6 Qxd6 30. dxe6 Qxe6 31. Qd3 Rc8 32. Qf3 Re8 33. h4 Qc6 34. Qf4 Rxe4 35. Qb8+ Re8 36. Qxa7 Rd8 37. Qe7 Rd1+ 38. Be1 Qd7 39. Qxd7 Rxd7 40. f3 Rd1 41. Kf2 Ra1 42. Ke2 Kf7 43. a4 Rb1 44. Bf2 Rb2+ 45. Kf1 Rxb3 46. Bxc5 Rxf3+ 47. Kg2 Rc3 48. Bb6 Ra3 49. a5 Ke6 50. Bc7 Kf5 51. Kh3 h5 52. Kg2 Ke4 53. Kf2 Rc3 54. Bb8 Rc8 55. Bd6 g5 56. hxg5 fxg5 57. Kg2 Rc2+ 58. Kg1 Kf3 59. Bb8 Rc8 60. Bd6 g4 0-1

[Event "Albena"]
[Site "Albena"]
[Date "1984.??.??"]
[Round "?"]
[White "Cserna, Laszlo"]
[Black "Kirov, Nino"]
[Result "0-1"]
[WhiteElo "2440"]
[BlackElo "2455"]
[PlyCount "78"]
[EventDate "1984.??.??"]
[Source "www.chesslib.no"]
[SourceDate "2004.05.04"]

1. d4 Nf6 2. c4 g6 3. Nc3 d5 4. e3 Bg7 5. Qb3 e6 6. Nf3 O-O 7. Bd3 b6 8. O-O Bb7 9. cxd5 exd5 10. Bd2 Nbd7 11. Na4 Ne4 12. Rac1 Re8 13. Rfd1 Rc8 14. Qc2 f5 15. b4 Re6 16. b5 g5 17. Be1 g4 18. Nd2 Qg5 19. Nf1 Kh8 20. Nc3 Bf8 21. Qa4 Bd6 22. Ne2 Rh6 23. Nf4 Ndf6 24. g3 Qg8 25. Bb4 Bxb4 26. Qxb4 Nd6 27. Rc2 Nfe4 28. Rdc1 Qf7 29. Qb3 Ng5 30. Rc3 Nf3+ 31. Kg2 Nc4 32. Qc2 Rf8 33. Be2 Ng5 34. Kg1 c6 35. a4 Rc8 36. Bd3 Rf6 37. h4 gxh3 38. Nh2 Ne6 39. Nf3 h2+ 0-1

[Event "ARG-ch"]
[Site "Buenos Aires"]
[Date "2000.10.13"]
[Round "4"]
[White "Soppe, Guillermo"]
[Black "Pierrot, Facundo"]
[Result "1/2-1/2"]
[WhiteElo "2471"]
[BlackElo "2423"]
[PlyCount "84"]
[EventDate "2000.10.10"]
[Source "ChessBase"]
[SourceDate "2000.11.10"]

1. d4 Nf6 2. c4 g6 3. Nc3 d5 4. Nf3 Bg7 5. e3 O-O 6. Qb3 dxc4 7. Bxc4 c5 8. Ne5 e6 9. dxc5 Nbd7 10. Nxd7 Nxd7 11. Ne4 Qc7 12. O-O Nxc5 13. Nxc5 Qxc5 14. Bd2 Rd8 15. Bb4 Qg5 16. Rad1 b6 17. Rxd8+ Qxd8 18. Rd1 Qf6 19. Bd5 exd5 20. Qxd5 Bb7 21. Qxb7 Rd8 22. Rd5 Bf8 23. Be1 Rxd5 24. Qxd5 Qxb2 25. Kf1 Qa3 26. g3 h5 27. h4 Qa6+ 28. Kg2 Qc8 29. e4 Qc5 30. Qxc5 Bxc5 31. f4 Kf8 32. f5 b5 33. Kf3 Ke7 34. g4 Bd6 35. Bc3 b4 36. Bd4 a5 37. gxh5 gxh5 38. e5 Bc7 39. Ke4 Bd8 40. Kd5 Kd7 41. Bf2 Be7 42. Be1 Bf8 1/2-1/2

[Event "EU-ch 2nd"]
[Site "Ohrid"]
[Date "2001.06.09"]
[Round "8"]
[White "Jacimovic, Dragoljub"]
[Black "Brendel, Oliver"]
[Result "1-0"]
[WhiteElo "2504"]
[BlackElo "2389"]
[PlyCount "49"]
[EventDate "2001.06.01"]
[Source "ChessBase"]
[SourceDate "2001.09.13"]

1. d4 Nf6 2. c4 g6 3. Nc3 d5 4. Nf3 Bg7 5. e3 O-O 6. Qb3 dxc4 7. Bxc4 c5 8. dxc5 Qc7 9. Ng5 e6 10. Nge4 Nbd7 11. Nxf6+ Bxf6 12. Ne4 Be7 13. Qc3 Nxc5 14. Nf6+ Bxf6 15. Qxf6 Ne4 16. Qd4 Qa5+ 17. Kf1 Qh5 18. Be2 Qh4 19. g3 Qh3+ 20. Kg1 Qf5 21. f3 Ng5 22. e4 Nh3+ 23. Kg2 Qh5 24. Qf6 e5 25. g4 1-0

[Event "Elista ol (Men)"]
[Site "Elista"]
[Date "1998.10.02"]
[Round "4"]
[White "Belli Pino, Mario"]
[Black "Ekstroem, Roland"]
[Result "0-1"]
[WhiteElo "2380"]
[BlackElo "2510"]
[PlyCount "60"]
[EventDate "1998.09.29"]
[Source "ChessBase"]
[SourceDate "1998.11.06"]

1. d4 Nf6 2. Nf3 d5 3. e3 g6 4. c4 Bg7 5. Nc3 O-O 6. Qb3 e6 7. Bd2 b6 8. Rc1 Bb7 9. Be2 Ne4 10. O-O dxc4 11. Bxc4 Nxd2 12. Nxd2 Nd7 13. Rfd1 c5 14. d5 exd5 15. Bxd5 Bxd5 16. Nxd5 Nf6 17. Nxf6+ Qxf6 18. Nc4 Rfd8 19. a4 Qe6 20. g3 h5 21. h4 Bf6 22. Kg2 Rd5 23. a5 Rb8 24. axb6 axb6 25. Qc2 b5 26. Na3 c4 27. e4 Rd4 28. Rxd4 Bxd4 29. Rd1 Qf6 30. Rd2 Bxb2 0-1

[Event "9th Ivan Cvitanovic Mem"]
[Site "Split"]
[Date "2004.05.03"]
[Round "3"]
[White "Polak, Tomas"]
[Black "Rade, Miroslav"]
[Result "0-1"]
[WhiteElo "2487"]
[BlackElo "2403"]
[PlyCount "62"]
[EventDate "2004.05.01"]
[Source "Roberto Alvarez"]
[SourceDate "2004.05.10"]

1. d4 Nf6 2. c4 g6 3. Nc3 d5 4. Nf3 Bg7 5. e3 O-O 6. Qb3 c6 7. Bd2 e6 8. Bd3 Nbd7 9. O-O b6 10. e4 dxe4 11. Nxe4 Qc7 12. Qa3 c5 13. dxc5 Bb7 14. Rae1 Nxe4 15. Bxe4 Bxe4 16. Rxe4 Nxc5 17. Re3 a5 18. Bc3 f6 19. Nd4 e5 20. Nb5 Qc6 21. b3 Bh6 22. Ree1 Rfd8 23. Rd1 Nd3 24. Ba1 Bf8 25. Qa4 Nf4 26. Rd5 Nxd5 27. cxd5 Rxd5 28. Nc3 Qxa4 29. Nxa4 Bc5 30. Nc3 Rd3 31. Ne4 Kf7 0-1

[Event "Tatran Cup"]
[Site "Stary Smokovec SVK"]
[Date "1981.??.??"]
[Round "?"]
[White "Knezevic, Milorad"]
[Black "Pribyl, Josef"]
[Result "1/2-1/2"]
[WhiteElo "2455"]
[BlackElo "2435"]
[PlyCount "28"]
[EventDate "1981.11.??"]
[Source "www.chesslib.no"]
[SourceDate "2004.05.04"]

1. d4 Nf6 2. c4 g6 3. Nc3 d5 4. e3 Bg7 5. Qb3 e6 6. Nf3 O-O 7. Bd2 Nc6 8. Rc1 Na5 9. Qa4 Nxc4 10. Bxc4 dxc4 11. Qxc4 c6 12. O-O Nd5 13. Rfd1 Nxc3 14. Rxc3 a5 1/2-1/2

[Event "It Open"]
[Site "Palma de Majorca ESP"]
[Date "1991.??.??"]
[Round "6"]
[White "Flear, Glenn C"]
[Black "Rodriguez, Ruben"]
[Result "1-0"]
[WhiteElo "2470"]
[BlackElo "2420"]
[PlyCount "23"]
[EventDate "1991.??.??"]
[Source "www.chesslib.no"]
[SourceDate "2004.05.04"]

1. d4 Nf6 2. c4 g6 3. Nc3 d5 4. Nf3 c6 5. e3 Bg7 6. Qb3 O-O 7. Bd2 Nbd7 8. cxd5 cxd5 9. Nxd5 b6 10. Bc4 Bb7 11. Bb4 Re8 12. Nxf6+ 1-0

[Event "Phildelphia, PA"]
[Site "?"]
[Date "2004.01.17"]
[Round "1"]
[White "Finegold Ben"]
[Black "Greanias Steven"]
[Result "1-0"]
[WhiteElo "2631"]
[BlackElo "2258"]
[PlyCount "57"]
[EventDate "2004.??.??"]
[Source "www.chesslib.no"]
[SourceDate "2004.05.04"]

1. d4 Nf6 2. c4 g6 3. Nc3 d5 4. e3 Bg7 5. Qb3 c6 6. Nf3 O-O 7. Bd2 a6 8. a4 a5 9. Rc1 Na6 10. cxd5 cxd5 11. Ne5 e6 12. Be2 Ne8 13. Nb5 f6 14. Nd3 Bd7 15. O-O Rf7 16. Rc2 Bf8 17. Rfc1 Nd6 18. Nxd6 Bxd6 19. Qxb7 Nb4 20. Nxb4 axb4 21. Bb5 Rb8 22. Qa6 Rb6 23. Rc8 Bxc8 24. Rxc8 Qxc8 25. Qxc8+ Kg7 26. g3 Bf8 27. Bc6 Bd6 28. a5 Rc7 29. Qxc7+ 1-0

[Event "It (Open) Abudhabi UAE"]
[Site "?"]
[Date "2005.??.??"]
[Round "7"]
[White "Simonenko Sergey G.(TKM)"]
[Black "Kayumov Sergey"]
[Result "0-1"]
[WhiteElo "2483"]
[BlackElo "2405"]
[PlyCount "58"]
[EventDate "2005.??.??"]
[Source "www.chesslib.no"]
[SourceDate "2004.05.04"]

1. d4 d5 2. Nf3 Nf6 3. e3 g6 4. c4 c6 5. Nc3 Bg7 6. Bd2 O-O 7. Qb3 e6 8. Bd3 Nbd7 9. Qa3 Re8 10. O-O-O dxc4 11. Bxc4 b5 12. Bd3 e5 13. Nxb5 cxb5 14. Bxb5 Qb6 15. Bc4 Qc6 16. Qc3 Nd5 17. Qc2 N7b6 18. Bb3 Qxc2+ 19. Bxc2 exd4 20. Nxd4 Bxd4 21. exd4 Bf5 22. Bxf5 gxf5 23. Rhe1 f6 24. f3 Nc4 25. Bh6 Kf7 26. Kb1 Rab8 27. Rxe8 Rxb2+ 28. Ka1 Nc3 29. Rd2 Rb1# 0-1

[Event "Wch U20"]
[Site "Calicut"]
[Date "1998.11.21"]
[Round "5"]
[White "Mirzoev, Azer"]
[Black "Kalod, Radek"]
[Result "1/2-1/2"]
[WhiteElo "2445"]
[BlackElo "2435"]
[PlyCount "66"]
[EventDate "1998.11.17"]
[Source "ChessBase"]
[SourceDate "1999.01.01"]

1. d4 Nf6 2. Nf3 g6 3. c4 Bg7 4. Nc3 d5 5. e3 O-O 6. Qb3 e6 7. Bd2 Nc6 8. cxd5 exd5 9. Be2 Ne7 10. O-O c6 11. Rfc1 Ne8 12. Na4 b5 13. Nc5 a5 14. a4 b4 15. Nd3 Ba6 16. Qd1 Nd6 17. Nde5 Bb7 18. Be1 Ra7 19. Rc2 f6 20. Nd3 Bc8 21. Nc5 Re8 22. Bd3 Qb6 23. Rac1 Nef5 24. Nd2 Bh6 25. Nf1 Rf7 26. Bd2 Ne7 27. e4 dxe4 28. Nxe4 Bxd2 29. Qxd2 Nxe4 30. Bxe4 Bf5 31. Bxf5 Nxf5 32. Rxc6 Qxd4 33. Rc8 Rxc8 1/2-1/2